000 00935nam a2200277 i 4500
003 EG-GICUC
005 20260510154039.0
008 260510s1987 fr ||||fr|||| 00| 0 fre d
020 _a2275008632
040 _aEG-GiCUC
_bfre
_cEG-GiCUC
_dEG-GiCUC
_eRda
082 0 4 _221
_a345.044
_bFO . C
092 0 4 _221
099 _aLaw1 07 345.044 FO . C 1987
100 1 _aFortsakis,Théodore
_eAuteur
245 _aConceptualisme Et Empirisme En Droit Administratif Français.
_hTome CLII/
_cThéodore Fortsakis.
264 1 _aParis:
_bLibrairie Générale De Droit Et De Jurisprudence,
_c1987.
300 _a542 page ;
_c 24 cm.
336 _2rda contenu
_a texte
337 _2rda medias
_aOrdinateur
338 _2 transporteur rda
_a Ressource en ligne
546 _aTexte en français
650 1 _aDroit Administratif
856 4 0 _uhttps://fll.law.cu.edu.eg/fulltext/bks/B07-05732.pdf
905 _a59
942 _2ddc
_n0
_cBK
_e21
999 _c76502
_d76502